000
00182nam a2200085Ia 4500
008
120527s9999 xx 000 0 und d
100
_a
Newm,an, M.D
245
_a
Sociology
942
_c
BK
999
_c
27653
_d
27653